• 首页
  • 本馆介绍
  • 公告通知
  • 最新文献
  • 馆藏检索
  • 电子资源
  • 读者导购
  • 参考咨询
  • 我的图书馆
  • 登录
  • 详细信息显示
  • 放入我的书架
  • 预约/预借图书
  • 作者相关作品
  • 分类相关作品
  • 丛书相关作品
  • 出版社相关作品

书目信息

  • 表格格式
  • 工作单格式
  • 卡片格式
题名:
扬威平型关
    
 
作者: 张亚 , 杨青芝 , 王燕群 著
分册:  
出版信息: 北京   长城出版社  2015
页数: 327页
开本: 24cm
丛书名: 中国抗日战争战场全景画卷丛书
单 册:
中图分类: E297.31
科图分类:
主题词: 平型关战斗(1937)--史料
电子资源:
ISBN: 978-7-5483-0241-4
000 01146oam2 2200301 45
001 012001003551
005 20140926114740.0
010    @a978-7-5483-0241-4@dCNY56.00
100    @a20151101d2015 em y0chiy50 ea
101 0  @achi
102    @aCN@b110000
105    @aac z 000yy
106    @ar
200 1  @a扬威平型关@9yang wei ping xing guan@e平型关抗战影像全纪录@f张亚,杨青芝,王燕群著
210    @a北京@c长城出版社@d2015
215    @a327页@c照片,肖像@d24cm
225 1  @a中国抗日战争战场全景画卷丛书@h第二辑@v11
300    @a其他题名:平型关抗战影像全纪录
330    @a本书全方位、多视角、全景式地讲述了在抗日战争中八路军第115师于1937年在平型关附近伏击日本军队并取得平型关大捷的全过程。辅以中日双方保存的历史图片,让读者更加直观地了解这段历史。
461  0 @12001 @a中国抗日战争战场全景画卷丛书
517 1  @a平型关抗战影像全纪录@9ping xing guan kang zhan ying xiang quan ji lu
606 0  @a平型关战斗(1937)@j史料
690    @aE297.31@v5
701  0 @a张亚@9zhang ya@4著
701  0 @a杨青芝@9yang qing zhi@4著
701  0 @a王燕群@9wang yan qun@4著
801  0 @aCN@b上海新华@c20180901
905    @b1159770-4@dE297.31@e95@f5
    
    扬威平型关:平型关抗战影像全纪录/张亚,杨青芝,王燕群著.-北京:长城出版社,2015
    327页:照片,肖像;24cm.-(中国抗日战争战场全景画卷丛书.第二辑;11)
    其他题名:平型关抗战影像全纪录
    
    ISBN 978-7-5483-0241-4:CNY56.00
    本书全方位、多视角、全景式地讲述了在抗日战争中八路军第115师于1937年在平型关附近伏击日本军队并取得平型关大捷的全过程。辅以中日双方保存的历史图片,让读者更加直观地了解这段历史。
●
相关链接 在E读中查询图书 在五车中查询图书 在当当中查询图书 在豆瓣中查询图书


正题名:扬威平型关     索取号:E297.31/95         预约/预借

序号 登录号 条形码 馆藏地/架位号 状态 备注
1 1159770   211597707   第一样本阅览室/ [索取号:E297.31/95] 在馆    
2 1159771   211597716   第一借阅区/ [索取号:E297.31/95] 在馆    
3 1159772   211597725   第一借阅区/ [索取号:E297.31/95] 在馆    
4 1159773   211597734   密集书库-资源管理系/ [索取号:E297.31/95] 在馆    
5 1159774   211597743   第一借阅区/ [索取号:E297.31/95] 在馆    
唐山师范学院图书馆 欢迎您!
大连网信软件有限公司© 版权所有